000 00652nam a22001817a 4500
005 20251108173713.0
008 250721s2005 xx 000 0 ara d
082 1 4 _aم/ط/904.79098203/غزل
100 1 _aالغزلاني, محمد سعيد
245 1 0 _aأجيالنا - عالم الاحداث الامنية والعلمية /
264 1 _aبيروت :
_bدار الراتب الجامعية،
_c2005.
650 1 7 _aالاحداث السياسيه
650 1 7 _aالاحداث التاريخيه
650 1 7 _aالمناسبات الثقافيه
653 _aناشاون كبار (15-18)سنه
942 _2ddc
_cREF
999 _c110393
_d110393